Introduccion a la estetica /

Guardado en:
Autor Principal: Nedoncelle, Maurice
Formato: Libro
Publicado: Buenos Aires : Troquel, 1966
Series:Biblioteca De Filosofia / Diri
Materias:
Etiquetas: Agregar Etiqueta
Sin Etiquetas, Sea el primero en etiquetar este registro!
LEADER 00537nam a22001815a 4500
001 EHU.bham024124
003 AR-BHAM
005 20130507135253.0
008 130507s1966##################000#0#####d
082 1 0 |a 101 
100 1 |a Nedoncelle, Maurice 
245 1 0 |a Introduccion a la estetica /  |c Maurice Nedoncelle 
260 |a Buenos Aires :  |b Troquel,  |c 1966 
300 |a 117 p. 
490 0 |a Biblioteca De Filosofia / Diri 
653 |a Estetica 
653 |a Estetica-enseÑanza de la 
859 |a AR-BHAM  |b BIB. HUMANIDADES - General  |h 101  |i N285  |p 658.01  |t Ej.1